Buffy Character Matchup Quiz Stats

 Plays Quiz Updated Jul 28, 2013

Challenge
Share
Tweet
Score 0/27 Timer 05:00
1 Play Today
% Correct
Buffy Summers
98.8%
Angel
96.7%
Willow Rosenberg
96.3%
Cordelia Chase
94%
Oz
93.5%
Spike
93.4%
Dawn Summers
93.2%
Rupert Giles
93.1%
Xander Harris
92.3%
Faith Lehane
91.2%
Anya Jenkins
88%
Tara Maclay
84.9%
Joyce Summers
84.5%
Drusilla
82.6%
% Correct
Wesley Wyndam-Pryce
80.9%
Riley Finn
79.7%
Harmony Kendall
74.9%
Glorificus
69.1%
Jenny Calendar
67.3%
Professor Maggie Walsh
67.2%
Jonathan Levinson
63.1%
Principal Snyder
61%
Andrew Wells
58.5%
Warren Mears
52.3%
The Master
51.7%
Ben Wilkinson
38%
Adam
37.6%

You're not logged in!

Compare scores with friends on all Sporcle quizzes.
Join for Free
OR
Log In

You Might Also Like...

Show Comments

Extras

Top Quizzes Today


Score Distribution

Your Account Isn't Verified!

In order to create a playlist on Sporcle, you need to verify the email address you used during registration. Go to your Sporcle Settings to finish the process.

Report this User

Report this user for behavior that violates our Community Guidelines.

Details: